Movies Quiz

Random Movies or Disney Quiz

Pixar's Cars Quiz Stats

 Plays Quiz Updated Jan 16, 2019

     
Support Sporcle.
Go Orange.
Score 0/16 Timer 06:00
0 Plays Today
Model Car Name % Correct
Hybrid Stock/Endurance RacerLightning McQueen
92.8%
1951 International Harvester L-170Mater
85.9%
1951 Fabulous Hudson HornetDoc Hudson
81.8%
2002 996-series Porsche 911 CarreraSally Carrera
70.2%
1959 Fiat 500Luigi
60.2%
1957 Motorama Show CarFlo
53%
1970 Plymouth SuperbirdThe King
50.4%
1960 Fire TruckRed
50.2%
Model Car Name % Correct
Generic 1980's Stock CarChick Hicks
49%
1941 Willys Military JeepSarge
46.2%
1959 Chevrolet Impala LowriderRamone
44%
Custom ForkliftGuido
40.8%
1985 Super-LinerMack
40.3%
1960 VW BusFillmore
38.9%
1949 Mercury Club Coupe (Police)Sheriff
38.9%
1923 Ford Model TLizzie
24.9%

From the Vault

Left or Right

by bazmerelda

Even if you guess the right answer, you still might be wrong.
Remove Ads.
Support Sporcle.
Get the best of Sporcle when you Go Orange. This ad-free experience offers more features, more stats, and more fun while also helping to support Sporcle. Thank you for becoming a member.

Show Comments

Extras

Top Quizzes Today


Score Distribution

Your Account Isn't Verified!

In order to create a playlist on Sporcle, you need to verify the email address you used during registration. Go to your Sporcle Settings to finish the process.

Report this User

Report this user for behavior that violates our Community Guidelines.

Details: